Every Soviet Leader - Statistics

General Stats
  • This quiz has been taken 15 times
  • The average score is 5 of 8
Answer Stats
Hint Answer % Correct
Fought Hitler andBegan to Cold War Joseph Stalin
100%
Founded the Soviet Union Vladimir Lenin
100%
The Final Leader, Oversaw the End of the Soviet Union Mikhail Gorbachev
80%
Signed Nuclear Treaties with the USA Leonid Brezhnev
73%
Perpetuated the Cuban Missile Crisis Nikita Krushchev
53%
Had Another Brief Ruleof 2 Years Yuri Andropov
40%
Very Briefly Lead the Soviets for 2 Years Georgy Malenkov
27%
The Shortest RulingSoviet Leader Konstantin Chernenko
27%
No matching quizzes found
Score Distribution
Percent of People with Each Score
Percentile by Number Answered
Your Score History
You have not taken this quiz